Eteläisimmät valtiot - Statistics

Yleistilastot
  • Tätä visaa on pelattu 2 763 kertaa
  • Keskiarvotulos 15 / 20
Vastaustilastot
° etelään Valtio % Oikein
54°47' Australia
99%
46°59' Etelä-Afrikka
98%
56°30' Chile
97%
52°37' Uusi-Seelanti
97%
55°04' Argentiina
96%
33°45' Brasilia
80%
35°02' Uruguay
80%
30°40' Lesotho
79%
25°37' Madagaskar
78%
28°58' Namibia
78%
27°36' Paraguay
75%
27°19' Swazimaa
74%
26°52' Mosambik
68%
26°54' Botswana
67%
22°25' Zimbabwe
67%
22°54' Bolivia
63%
21°02' Fidži
61%
20°15' Vanuatu
59%
22°21' Tonga
58%
20°32' Mauritius
48%
Ehtoja vastaavia visoja ei löytynyt
Tulosjakauma
Jokaisen tuloksen saaneiden osuus
Persentiili vastausten määrän mukaan
Tuloshistoriasi
Et ole pelannut tätä visaa